Tvorba firemného dizajnu a obchodná politika : doktorandská dizertačná práca

Saved in:
Bibliographic Details
Main Author: Helfen, František (Author)
Format: Book
Published: Bratislava : STU FA, 2009
Tags: Add Tag
No Tags, Be the first to tag this record!

MARC

LEADER 00000nam a22000003a 4500
001 stu196754
005 20150617230020.0
008 091207s2009----------------------------d
040 |a STU  |b slo 
041 0
100 1 |a Helfen, František  |4 aut 
245 1 |a Tvorba firemného dizajnu a obchodná politika :  |b doktorandská dizertačná práca 
260 |a Bratislava :  |b STU FA,  |c 2009 
300 |a 115 s 
996 |b 284AB00975  |c A*6842 V  |l AAKNST  |s P  |a 0  |w stu196754_0001